Process Analysis and Simulation in Chemical Engineering

This book offers a comprehensive coverage of process simulation and flowsheeting, useful for undergraduate students of Chemical Engineering and Process Engineering as theoretical and practical support in Process Design, Process Simulation, Process Engineering, Plant Design, and Process Control cours...

Full description

Bibliographic Details
Main Authors: Gil Chaves, Iván Darío (Author), López, Javier Ricardo Guevara (Author), García Zapata, José Luis (Author), Leguizamón Robayo, Alexander (Author), Rodríguez Niño, Gerardo (Author)
Corporate Author: SpringerLink (Online service)
Format: Electronic eBook
Language:English
Published: Cham : Springer International Publishing : Imprint: Springer, 2016.
Edition:1st ed. 2016.
Subjects:
Online Access:Full Text via HEAL-Link
LEADER 03162nam a22005895i 4500
001 978-3-319-14812-0
003 DE-He213
005 20151127190748.0
007 cr nn 008mamaa
008 151127s2016 gw | s |||| 0|eng d
020 |a 9783319148120  |9 978-3-319-14812-0 
024 7 |a 10.1007/978-3-319-14812-0  |2 doi 
040 |d GrThAP 
050 4 |a TP155-156 
072 7 |a TDC  |2 bicssc 
072 7 |a SCI013060  |2 bisacsh 
082 0 4 |a 660  |2 23 
100 1 |a Gil Chaves, Iván Darío.  |e author. 
245 1 0 |a Process Analysis and Simulation in Chemical Engineering  |h [electronic resource] /  |c by Iván Darío Gil Chaves, Javier Ricardo Guevara López, José Luis García Zapata, Alexander Leguizamón Robayo, Gerardo Rodríguez Niño. 
250 |a 1st ed. 2016. 
264 1 |a Cham :  |b Springer International Publishing :  |b Imprint: Springer,  |c 2016. 
300 |a XVIII, 523 p. 498 illus., 426 illus. in color.  |b online resource. 
336 |a text  |b txt  |2 rdacontent 
337 |a computer  |b c  |2 rdamedia 
338 |a online resource  |b cr  |2 rdacarrier 
347 |a text file  |b PDF  |2 rda 
505 0 |a Preface -- Process Simulation in Chemical Engineering -- Thermodynamic and property models -- Fluid Handling Equipment -- Heat Exchange Equipment and Heat Integration -- Chemical reactors -- Gas-Liquid Separation Operations -- Process Optimization in Chemical Engineering -- Dynamic Process Analysis -- Solids Operations in Process Simulators -- Case Studies. 
520 |a This book offers a comprehensive coverage of process simulation and flowsheeting, useful for undergraduate students of Chemical Engineering and Process Engineering as theoretical and practical support in Process Design, Process Simulation, Process Engineering, Plant Design, and Process Control courses. The main concepts related to process simulation and application tools are presented and discussed in the framework of typical problems found in engineering design. The topics presented in the chapters are organized in an inductive way, starting from the more simplistic simulations up to some complex problems. 
650 0 |a Chemistry. 
650 0 |a Chemoinformatics. 
650 0 |a Chemical engineering. 
650 0 |a Thermodynamics. 
650 0 |a Heat engineering. 
650 0 |a Heat transfer. 
650 0 |a Mass transfer. 
650 0 |a Industrial engineering. 
650 0 |a Production engineering. 
650 1 4 |a Chemistry. 
650 2 4 |a Industrial Chemistry/Chemical Engineering. 
650 2 4 |a Engineering Thermodynamics, Heat and Mass Transfer. 
650 2 4 |a Computer Applications in Chemistry. 
650 2 4 |a Industrial and Production Engineering. 
700 1 |a López, Javier Ricardo Guevara.  |e author. 
700 1 |a García Zapata, José Luis.  |e author. 
700 1 |a Leguizamón Robayo, Alexander.  |e author. 
700 1 |a Rodríguez Niño, Gerardo.  |e author. 
710 2 |a SpringerLink (Online service) 
773 0 |t Springer eBooks 
776 0 8 |i Printed edition:  |z 9783319148113 
856 4 0 |u http://dx.doi.org/10.1007/978-3-319-14812-0  |z Full Text via HEAL-Link 
912 |a ZDB-2-CMS 
950 |a Chemistry and Materials Science (Springer-11644)